Trouvez les pays - N - Statistiques

Statistiques générales
  • Ce quiz a été pris 112 fois
  • Le résultat moyen est 7 sur 8
Statistiques - réponses
Par images Réponse % Correct
Norvège
98%
Nouvelle-Zélande
98%
Népal
96%
Niger
96%
Nigeria
96%
Namibie
84%
Nicaragua
84%
Nauru
63%
Aucun quiz correspondant
Distribution des résultats
% des personnes avec chaque résultat
Percentile par nombre de réponses
Votre historique - résultats
Vous n’avez pas pris ce quiz